000 00382nam a2200169Ia 4500
003 STCL
008 181203s9999 xx 000 0 und d
020 _a9780862411855
040 _aSTCL
_bEN
_cSTCL
082 _222
100 _aPitcher, Caroline
245 0 _aDiamond
260 _bCanongate Kelpies
_aEdinburgh
_c1994
300 _a143
546 _aEnglish
942 _2ddc
_cBK
999 _c84040
_d84040